000 01092nas a2200349 4500
001 BR2019002112
003 BR-BrBNA
005 20231205132028.0
007 ta
008 230509b bl.|||p| |||| 00| 00por d
040 _aBR-BrBNA
_bpor
_cBiblioteca Nacional de Agricultura
041 _a(Pt)
072 _aH60
100 1 _aMatias, M.L.
100 1 _aGonçalves, V.O.
100 1 _aBraz, G.B.P.
100 1 _aAndrade, C.L.L.
100 1 _aSilva, A.G. da
100 1 _aBarroso, A.L. de L.
245 1 _aUso de subdoses de glyphosate na supressão de espécies forrageiras consorciadas com milho
650 _aMILHO
650 _aLAVOURA
650 _aPECUÁRIA
650 _aINTEGRAÇÃO
650 _aCONSORCIAÇÃO DE CULTURA
650 _aCAPIM COLONIÃO
650 _aHERBICIDA
773 0 _tCientífica. Revista de Ciências Agrárias (Brazil)
_xISSN 1984-5529
_g(2019), v. 47(4) p. 380-387
_wBR2019002112
856 4 0 _uhttp://cientifica.org.br/index.php/cientifica/article/view/1268/737
909 _a202311
_bLúcia
_c55
_dLúcia Elande
942 _2AGRIS
_n0
_cANA
999 _c258063
_d258063